Central Library OPAC University of Rajshahi

Cottrell, Samaritan of science / (Record no. 23642)

MARC details
000 -LEADER
fixed length control field 00791cam a22002651 4500
001 - CONTROL NUMBER
control field 23642
003 - CONTROL NUMBER IDENTIFIER
rucl marc code BD-RjUL
005 - DATE AND TIME OF LATEST TRANSACTION
control field 20211209000944.0
008 - FIXED-LENGTH DATA ELEMENTS--GENERAL INFORMATION
fixed length control field 140311s1952 nyu 001 0beng d
035 ## - SYSTEM CONTROL NUMBER
System control number (BD-RjUL)23707
System control number (OCoLC)670172
040 ## - CATALOGING SOURCE
Original cataloging agency DLC
Transcribing agency OKentU
Modifying agency OCoLC
-- DLC
-- BD-RjUL
Language of cataloging eng
041 ## - LANGUAGE CODE
Language code of text/sound track or separate title eng
082 00 - DEWEY DECIMAL CLASSIFICATION NUMBER
Classification number 925.4
Author mark and year CAC 1952
100 1# - MAIN ENTRY--PERSONAL NAME
Personal name Cameron, Frank Thomas,
Dates associated with a name 1909-1984.
9 (RLIN) 72769
245 10 - TITLE STATEMENT
Title Cottrell, Samaritan of science /
Statement of responsibility, etc. Foreword by Ernest O. Lawrence.
260 ## - PUBLICATION, DISTRIBUTION, ETC. (IMPRINT)
Place of publication, distribution, etc. Garden City; N.Y. :
Name of publisher, distributor, etc. Doubleday,
Date of publication, distribution, etc. 1952.
300 ## - PHYSICAL DESCRIPTION
Pagination 414 p. ;
Size 22 cm.
504 ## - BIBLIOGRAPHY, ETC. NOTE
Bibliography, etc Includes Index
600 10 - SUBJECT ADDED ENTRY--PERSONAL NAME
Personal name Cottrell, Frederick Gardner,
Dates associated with a name 1877-1948.
700 1# - ADDED ENTRY--PERSONAL NAME
Personal name Lawrence,Ernest O.
942 ## - ADDED ENTRY ELEMENTS (KOHA)
Source of classification or shelving scheme Dewey Decimal Classification
Koha item type Books
Holdings
Lost status Source of classification or shelving scheme Damaged status Not for loan Collection code Permanent Location Current Location Shelving location Date acquired Source of acquisition Total Checkouts Full call number Date last seen Copy number Koha item type
  Dewey Decimal Classification   Added to bundle Non-fiction Central Library, University of Rajshahi Central Library, University of Rajshahi Reading Room 22/02/1958 U. S. I .S. Dhaka Gift   925.4 CAC 1952 11/03/2014 C-1 Books